Gli Usa Visti Da Vicino Dal patto atlantico a bush

Spremljeno u:
Bibliografski detalji
Glavni autor: Giulio Andreotti
Format: Knjiga
Jezik:nepoznati jezik
Izdano: Rizzoli
Oznake: Dodaj oznaku
Bez oznaka, Budi prvi tko označuje ovaj zapis!

MARC

LEADER 00000nam a2200000Ia 4500
001 R-866
003 CODICE-MESSINA
005 20260212102458.0
008 260211s9999 xx 000 0 und d
040 |c importazione_messina 
100 |a Giulio Andreotti 
245 0 |a Gli Usa Visti Da Vicino 
245 0 |b Dal patto atlantico a bush 
260 |b Rizzoli 
942 |2 ddc  |c BK 
952 |0 0  |1 0  |2 ddc  |4 0  |6 SCAFFALE_8_000000000000000__ROMANZI  |7 0  |9 31693  |a ME  |b ME  |d 2026-02-11  |l 0  |o SCAFFALE 8 - ROMANZI  |p R-866  |r 2026-02-11 23:52:43  |w 2026-02-11  |x [REVISIONARE]  |y BK 
999 |c 27358  |d 27358